000
00256nam a2200085Ia 4500
245
0
_a
PowerPoint 2010 in easy steps
100
_a
EDNEY, Andrew Southam, Warwickshire, U.K., [c.2010]
_9
32364
942
_c
BK
008
210817s9999 xx 000 0 und d
999
_c
325588
_d
325587